Tréning a ďalšie vzdelávanie manažmentu univerzít

Na minha lista:
Detalhes bibliográficos
Autor Corporativo: Centrum ďalšieho vzdelávania Ekonomickej univerzity v Bratislave
Outros Autores: Balla, Jozef
Formato: Livro
Idioma:eslovaco
Publicado em: Bratislava Centrum ďalšieho vzdelávania EU [1998]
Assuntos:
Tags: Adicionar Tag
Sem tags, seja o primeiro a adicionar uma tag!

MARC

LEADER 00000nam a2200000 4500
001 c122588
005 20221123133621.6
041 0 |a slo 
044 |a SK 
245 1 0 |a Tréning a ďalšie vzdelávanie manažmentu univerzít  |c gestor: Jozef Balla 
264 1 |a Bratislava  |b Centrum ďalšieho vzdelávania EU  |c [1998] 
300 |a 73 s. 
610 2 0 |a manažment 
610 2 0 |a manažéri 
610 2 0 |a univerzity 
610 2 0 |a vzdelávanie ďalšie 
610 2 0 |a školy vysoké 
610 2 0 |a dohody medzinárodné 
610 2 0 |a študenti zahraniční 
610 2 0 |a internacionalizácia 
610 2 0 |a vzdelávanie 
610 2 0 |a organizácie medzinárodné 
610 2 0 |a organizácie nevládne 
700 1 |a Balla, Jozef 
710 2 |a Centrum ďalšieho vzdelávania Ekonomickej univerzity v Bratislave